Soviety - škola národných výborov

Bibliographic Details
Main Author: Zborovský, Ján (Author)
Format: Book
Language:Slovak
PhysicalDescription:35 strán schéma 21 cm
Published: V Bratislave Slovenský výbor Sväzu československo-sovietskeho priateľstva 1960
Series:Poznávame Sovietsky sväz
Subjects:

MARC

LEADER 00000cam a2200000 a 4500
001 vtls008353910
003 SK-MaSNL
005 20260301204820.0
008 200228s1960 xo grf 000 0 slo
015 |a SNBA1960/10-01517 
020 |q (brožované) 
035 |a SK01SNK19600046127 
035 |a urn:nbn:sk:snk-am3hz9q 
035 |a 13043011-F735-4C14-AA7E-3F9F9A84F00C 
035 |a urn:nbn:sk:snk-am00dea5 
035 |a SKM000048590 
040 |a SNK  |b slo  |c SNK  |e AACR2 
041 0 |a slo 
043 |a e-ur--- 
044 |a xo  |c SK 
080 |a 352/354  |2 2011 
080 |a (47+57)  |2 2011 
080 |a (035)  |2 2011 
100 1 |a Zborovský, Ján  |4 aut  |9 268955 
245 1 0 |a Soviety - škola národných výborov  |c Ján Zborovský 
260 |a V Bratislave  |b Slovenský výbor Sväzu československo-sovietskeho priateľstva  |c 1960  |e Trenčín  |f Západoslovenské tlačiarne 
300 |a 35 strán  |b schéma  |c 21 cm 
490 1 |a Poznávame Sovietsky sväz  |v číslo 11/1960 
500 |a Názov z obálky 
650 0 7 |a soviety  |2 SNKPH  |9 87127 
650 0 7 |a národné výbory  |2 SNKPH  |9 59059 
651 7 |a Sovietsky zväz  |2 SNKPHgeo  |9 22126 
655 7 |a príručky  |2 SNKPH  |9 74364 
752 |a Slovensko  |d Bratislava 
830 0 |a Poznávame Sovietsky sväz  |9 307091 
958 |a TL 
958 |a RK 
958 |a RU 
958 |a BQ 
999 |c 907860  |d 909790 
952 |a SNK  |b SNK  |y PREZ  |7 0  |p 17A0780987  |o snkSC 7666/1960/11  |i snkKSP 3266/60  |0 0  |1 0  |4 0  |d 2019-07-16  |f 1  |l 0  |r 2025-07-04 00:00:00  |w 2026-02-24